000 00399nam a2200145Ia 4500
008 230917s9999||||xx |||||||||||||| ||und||
040 _e184833
_aMAIN
041 _aEnglish
082 _a297.6 E1S
100 _aEl Fadl, Khaled Abou
245 0 _aSpeaking in God's name: Islamic law, authority and women
260 _aOxford
_bOneworld Publications
_c2006
300 _axiii, 361 p.
942 _cBK
999 _c133823
_d133823